Hispanidad de Saavedra Fejardo (1584-1648) / (Record no. 73878)
[ view plain ]
| 000 -LEADER | |
|---|---|
| campo de control de longitud fija | 00637nam a2200205 i 4500 |
| 001 - NÚMERO DE CONTROL | |
| campo de control | 73878 |
| 003 - IDENTIFICADOR DE NÚMERO DE CONTROL | |
| campo de control | ES-MaACL |
| 005 - FECHA Y HORA DE LA ÚLTIMA TRANSACCIÓN | |
| campo de control | 20250808020125.0 |
| 007 - CAMPO FIJO DE DESCRIPCIÓN FÍSICA--INFORMACIÓN GENERAL | |
| campo de control de longitud fija | t| |
| 008 - DATOS DE LONGITUD FIJA--INFORMACIÓN GENERAL | |
| campo de control de longitud fija | 040913s1944 sp ||||1| spa d |
| 100 1# - ENTRADA PRINCIPAL--NOMBRE DE PERSONA | |
| Nombre de persona | Gomis, Juan Bautista. |
| 9 (RLIN) | 58210 |
| 245 10 - MENCIÓN DEL TÍTULO | |
| Título | Hispanidad de Saavedra Fejardo (1584-1648) / |
| Mención de responsabilidad, etc. | Juan Bautista Gomis. |
| 260 ## - PUBLICACIÓN, DISTRIBUCIÓN, ETC. | |
| Lugar de publicación, distribución, etc. | Madrid : |
| Nombre del editor, distribuidor, etc. | [s.n., |
| Fecha de publicación, distribución, etc. | 1944] |
| 300 ## - DESCRIPCIÓN FÍSICA | |
| Extensión | 12 h. ; |
| Dimensiones | 24 cm. |
| 490 1# - MENCIÓN DE SERIE | |
| Mención de serie | Verdad y vida |
| 500 ## - NOTA GENERAL | |
| Nota general | Es Separata de: Revista de las Ciencias del Espíritu, nº 7, 1944. |
| 830 00 - PUNTO DE ACCESO ADICIONAL DE SERIE-TÍTULO UNIFORME | |
| Título uniforme | Verdad y vida |
| 9 (RLIN) | 182871 |
| 852 ## - LOCALIZACIÓN | |
| Ubicación | ES-MaACL |
| Número de control de estantería | 1915-F-19 |
| Sublocalización o colección | R.30042 |
| Estatus retirado | Estado de pérdida | Estado de daño | No para préstamo | Colección | Biblioteca de origen | Biblioteca actual | Ubicación en estantería | Fecha de adquisición | Fuente de adquisición | Total de préstamos | Signatura topográfica completa | Código de barras | Visto por última vez | Precio de reemplazo | Tipo de ítem Koha |
|---|---|---|---|---|---|---|---|---|---|---|---|---|---|---|---|
| Colección de folletos | Biblioteca del Ateneo de Madrid | Biblioteca del Ateneo de Madrid | Depósito folletos | 17/01/2008 | 1915-F-19 | 1077332 | 23/02/2023 | 23/02/2023 | Folleto |
